Vista normal Vista MARC

Entrada Corporate Name

Número de registros utilizados en: 1

001 - CONTROL NUMBER

  • control field: 13640

003 - CONTROL NUMBER IDENTIFIER

  • control field: OSt

005 - DATE AND TIME OF LATEST TRANSACTION

  • control field: 20210218124210.0

008 - FIXED-LENGTH DATA ELEMENTS

  • fixed length control field: 210218|| aca||aabn | a|a d

040 ## - CATALOGING SOURCE

  • Original cataloging agency: OSt
  • Transcribing agency: OSt

110 ## - HEADING--CORPORATE NAME

  • Corporate name or jurisdiction name as entry element: Colombia.
  • Title of a work: Código General del Proceso

670 ## - SOURCE DATA FOUND

  • Source citation: Work cat.: (OSt)0: Colombia. Ministerio de Justicia y del Derecho. 13631, Código general del proceso :, 2012